<?xml version="1.0" encoding="UTF-8"?>
<collection xmlns="http://www.loc.gov/MARC21/slim">
 <record>
  <leader>00653nam a2200205   4500</leader>
  <controlfield tag="001">000004837</controlfield>
  <controlfield tag="003">978</controlfield>
  <controlfield tag="005">20150812140854.0</controlfield>
  <controlfield tag="008">110805s                               sd</controlfield>
  <datafield tag="100" ind1="0" ind2=" ">
   <subfield code="a">Maugham Somerset</subfield>
  </datafield>
  <datafield tag="245" ind1="0" ind2="0">
   <subfield code="a">Mưa</subfield>
   <subfield code="b">Tập truyện</subfield>
   <subfield code="c">Maugham Somerset</subfield>
  </datafield>
  <datafield tag="774" ind1=" " ind2=" ">
   <subfield code="a">Maugham Somerset</subfield>
   <subfield code="b">In lại lần thứ 2 có sửa chữa</subfield>
   <subfield code="d">Nxb. Long An</subfield>
   <subfield code="d">Tác Phẩm Mới</subfield>
   <subfield code="d">1986</subfield>
   <subfield code="g">Tập 2</subfield>
   <subfield code="h">198 tr</subfield>
   <subfield code="n">Dịch từ nguyên bản tiếng Anh</subfield>
   <subfield code="w">980</subfield>
  </datafield>
  <datafield tag="OWN" ind1=" " ind2=" ">
   <subfield code="a">LSP</subfield>
  </datafield>
  <datafield tag="999" ind1=" " ind2=" ">
   <subfield code="a">From the UDN01</subfield>
  </datafield>
  <datafield tag="TYP" ind1=" " ind2=" ">
   <subfield code="a">Monograph</subfield>
  </datafield>
  <datafield tag="TYP" ind1=" " ind2=" ">
   <subfield code="a">Printed language</subfield>
  </datafield>
  <datafield tag="980" ind1=" " ind2=" ">
   <subfield code="a">Mạng thư viện Đại học Đà Nẵng</subfield>
  </datafield>
 </record>
</collection>
